Eurovision 2023 Grand Final Scoreboard - Statistics

General Stats
  • This quiz has been taken 309 times
  • The average score is 19 of 26
Answer Stats
Place Country Points % Correct
2nd Finland 526
100%
1st Sweden 583
100%
4th Italy 350
90%
3rd Israel 362
88%
26th Germany 18
87%
5th Norway 268
87%
25th United Kingdom 24
82%
6th Ukraine 243
79%
16th France 104
77%
17th Spain 100
76%
8th Estonia 168
73%
7th Belgium 182
71%
24th Serbia 30
69%
15th Austria 120
68%
23rd Portugal 59
68%
10th Czechia 129
67%
11th Lithuania 127
67%
9th Australia 151
65%
13th Croatia 123
64%
19th Poland 93
64%
14th Armenia 122
63%
21st Slovenia 78
63%
20th Switzerland 92
61%
12th Cyprus 126
60%
18th Moldova 96
58%
22nd Albania 76
54%
No matching quizzes found
Score Distribution
Percent of People with Each Score
Percentile by Number Answered
Your Score History
You have not taken this quiz